000 00520nam a2200217 4500
999 _c7058
_d7058
001 7058
003 UkOxU
005 20180204170417.0
008 970507s1960 enk 000 0 eng d
035 _a(BD-JhCC)7058
040 _aEQO
_cEQO
_dBD-JhCC
041 _aeng
082 _a821.1
_bWHI 1960
245 0 0 _aPoetry for today /
_cselected by E. White.
260 _aLond.,
_c1960.
300 _a176 p.;
_c18 cm.
650 _apoetry
700 1 _aWhite, Elizabeth Evelyne M.
942 _2ddc
_cBK